Tài liệu học tập các văn kiện đại hội đại biểu toàn quốc lần thứ XII của Đảng : (Dùng cho cán bộ, đảng viên cơ sở)
Nội dung sách giới thiệu về những nội dung cơ bản của báo cáo chính trị tại Đại hội XII của Đảng. Qua đó đánh giá kết quả thực hiện nhiệm vụ phát triển kinh tế - xã hội 5 năm 2011 - 2015 và phương hướng, nhiệm vụ phát triển kinh tế - xã...
Đã lưu trong:
| 企业作者: | |
|---|---|
| 格式: | 图书 |
| 语言: | Undetermined |
| 出版: |
Hà Nội
Chính trị Quốc gia - Sự thật
2016
|
| 主题: | |
| 标签: |
添加标签
没有标签, 成为第一个标记此记录!
|
| Thư viện lưu trữ: | Trung tâm Học liệu Trường Đại học Cần Thơ |
|---|
| LEADER | 01471nam a2200241Ia 4500 | ||
|---|---|---|---|
| 001 | CTU_224075 | ||
| 008 | 210402s9999 xx 000 0 und d | ||
| 020 | |c 22000 | ||
| 082 | |a 324.2597075 | ||
| 082 | |b B105 | ||
| 110 | |a Ban Tuyên giáo Trung ương | ||
| 245 | 0 | |a Tài liệu học tập các văn kiện đại hội đại biểu toàn quốc lần thứ XII của Đảng : | |
| 245 | 0 | |b (Dùng cho cán bộ, đảng viên cơ sở) | |
| 245 | 0 | |c Ban Tuyên giáo Trung ương | |
| 260 | |a Hà Nội | ||
| 260 | |b Chính trị Quốc gia - Sự thật | ||
| 260 | |c 2016 | ||
| 520 | |a Nội dung sách giới thiệu về những nội dung cơ bản của báo cáo chính trị tại Đại hội XII của Đảng. Qua đó đánh giá kết quả thực hiện nhiệm vụ phát triển kinh tế - xã hội 5 năm 2011 - 2015 và phương hướng, nhiệm vụ phát triển kinh tế - xã hội 5 năm 2016 - 2020. Cuối cùng là tổng kết việc thực hiện nghị quyết Trung Ương 4 khóa XI "Một số vấn đề cấp bách về xây dựng Đảng hiện nay". | ||
| 650 | |a Đảng Cộng Sản,Communist parties | ||
| 650 | |z Việt Nam,Vietnam | ||
| 904 | |i Qhieu -Khánh Ngân, Linh, Sương | ||
| 910 | |b dqhieu | ||
| 980 | |a Trung tâm Học liệu Trường Đại học Cần Thơ | ||